[Event "Moscow Open 2007"]
[Site "Moscow"]
[Date "2007.01.29"]
[Round "3"]
[White "Chadaev, Nikolai"]
[Black "Utkin, Aleksey"]
[Result "1-0"]
[WhiteElo "2484"]
[BlackElo "2374"]
[PlyCount "85"]
[EventDate "2007.??.??"]

1. e4 g6 2. d4 Bg7 3. Nf3 d6 4. Be2 Nf6 5. Nc3 O-O 6. O-O c6 7. a3 Nbd7 8. Bf4
Nh5 9. Bg5 h6 10. Be3 Qc7 11. Qd2 Kh7 12. a4 e5 13. Rad1 Re8 14. Rfe1 Nf8 15.
d5 c5 16. b4 b6 17. bxc5 bxc5 18. Nb5 Qd8 19. Rb1 Nf6 20. Qd3 Ng8 21. Nd2 a6
22. Nc3 f5 23. Nc4 f4 24. Bd2 Ra7 25. Rb6 Nd7 26. Rxd6 Qg5 27. Rb1 Ndf6 28. Rc6
Bf8 29. Nb6 Bb7 30. Rc7+ Kh8 31. Nc4 Re7 32. Rxc5 Ba8 33. Rc8 Re8 34. Rxe8 Nxe8
35. Rb8 Qe7 36. Na2 Bg7 37. Bb4 Qd7 38. Nb6 Qc7 39. Rxa8 Qxb6 40. Rxe8 a5 41.
Ba3 Qb1+ 42. Nc1 Rc7 43. Qb3 1-0

[Event "Moscow Open 2007"]
[Site "Moscow"]
[Date "2007.01.29"]
[Round "3"]
[White "Dvalishvili, Pavel S"]
[Black "Kosov, Ivan"]
[Result "1/2-1/2"]
[WhiteElo "2477"]
[BlackElo "2354"]
[PlyCount "82"]
[EventDate "2007.??.??"]

1. e4 c5 2. Nf3 e6 3. c3 Nf6 4. e5 Nd5 5. Bc4 Nc6 6. O-O d6 7. d4 cxd4 8. cxd4
Be7 9. Qe2 O-O 10. Rd1 Bd7 11. Bxd5 exd5 12. Nc3 Be6 13. Bf4 a6 14. exd6 Bxd6
15. Bxd6 Qxd6 16. Ne5 Rac8 17. Nxc6 Rxc6 18. Rd2 b5 19. h3 Rc4 20. Re1 Rd8 21.
Qe3 Kf8 22. Qf3 Re8 23. a3 b4 24. axb4 Rxb4 25. Ne2 Bd7 26. Rc1 Re4 27. Qa3 Rb6
28. Qxd6+ Rxd6 29. Rc7 Bb5 30. Nc3 Re7 31. Rc5 Bc4 32. Nd1 g6 33. Ne3 Bb3 34.
g4 h6 35. Kh2 Rb7 36. Kg3 Rdb6 37. h4 Bc4 38. Nxd5 Bxd5 39. Rxd5 Rxb2 40. Rxb2
Rxb2 41. Ra5 Rb4 1/2-1/2

[Event "Moscow Open 2007"]
[Site "Moscow"]
[Date "2007.01.29"]
[Round "3"]
[White "Timofeev, Vladimir F"]
[Black "Tunik, Gennady"]
[Result "0-1"]
[WhiteElo "2302"]
[BlackElo "2475"]
[PlyCount "64"]
[EventDate "2007.??.??"]

1. e4 c5 2. c3 d5 3. exd5 Qxd5 4. Nf3 Nf6 5. d4 e6 6. Be2 Be7 7. O-O Nc6 8. Na3
O-O 9. Nb5 Qd8 10. dxc5 Bxc5 11. b4 Be7 12. Qb3 Nd5 13. Rd1 Qb6 14. a4 a5 15.
bxa5 Nxa5 16. Qc2 Bd7 17. Ne5 Bc6 18. Rb1 Bxb5 19. Rxb5 Qc7 20. c4 Rfd8 21.
Nxf7 Kxf7 22. Rbxd5 Rxd5 23. Rxd5 exd5 24. Qxh7 Qe5 25. Bh5+ Ke6 26. cxd5+ Kd7
27. Bg4+ Kc7 28. Qc2+ Nc6 29. g3 Qxd5 30. Qg6 Rxa4 31. Bb2 Bf6 32. Bxf6 gxf6
0-1

[Event "Moscow Open 2007"]
[Site "Moscow"]
[Date "2007.01.29"]
[Round "3"]
[White "Konovalov, Nikolay"]
[Black "Musakaev, Emil"]
[Result "1-0"]
[WhiteElo "2463"]
[BlackElo "2268"]
[PlyCount "111"]
[EventDate "2007.??.??"]

1. d4 d5 2. c4 c6 3. Nc3 Nf6 4. e3 a6 5. Qc2 b5 6. b3 Bg4 7. Nge2 Nbd7 8. h3
Bh5 9. Nf4 Bg6 10. Nxg6 hxg6 11. Be2 e6 12. Bb2 Bd6 13. Rc1 g5 14. a3 Qe7 15.
c5 Bc7 16. e4 dxe4 17. Nxe4 Bf4 18. Rd1 Nxe4 19. Qxe4 Rc8 20. g3 Nf6 21. Qf3
Bb8 22. Bc1 Nd5 23. Bd3 f5 24. O-O Qf6 25. Rfe1 Kf7 26. Bf1 Rh6 27. Re2 Rch8
28. Rde1 g4 29. Qd3 Rh5 30. Rxe6 Qxe6 31. Rxe6 Kxe6 32. h4 Re8 33. Bg2 Kd7 34.
Bd2 Re6 35. a4 f4 36. Be4 fxg3 37. fxg3 Nf6 38. Bf5 Rxf5 39. Qxf5 Bxg3 40. axb5
axb5 41. Bg5 Ke7 42. Qxg4 Bc7 43. Qf3 Kf7 44. h5 Bd8 45. Bf4 Nd5 46. Be5+ Bf6
47. Qf5 Ke7 48. Kf2 Kd7 49. Ke2 Ne7 50. Qg4 Nd5 51. Kd2 Ke7 52. Bxf6+ Rxf6 53.
Qxg7+ Ke6 54. h6 Ne7 55. h7 Ng6 56. Qxg6 1-0

[Event "Moscow Open 2007"]
[Site "Moscow"]
[Date "2007.01.29"]
[Round "3"]
[White "Smirnov, Pavel"]
[Black "Viliavin, Roman"]
[Result "1-0"]
[WhiteElo "2621"]
[BlackElo "2263"]
[PlyCount "125"]
[EventDate "2007.??.??"]

1. e4 c5 2. Nf3 Nc6 3. d4 cxd4 4. Nxd4 Nf6 5. Nc3 e5 6. Ndb5 d6 7. Bg5 a6 8.
Na3 b5 9. Nd5 Be7 10. Bxf6 Bxf6 11. c3 Bg5 12. Nc2 O-O 13. a4 bxa4 14. Rxa4 a5
15. Bc4 Rb8 16. b3 Kh8 17. Nce3 g6 18. h4 Bxh4 19. g3 Bg5 20. f4 exf4 21. gxf4
Bh4+ 22. Kd2 f5 23. Bd3 Bf2 24. exf5 Bxe3+ 25. Nxe3 Bxf5 26. Nxf5 gxf5 27. Qh5
Qd7 28. Rc4 Rb6 29. Rxc6 Rxc6 30. Bb5 Rfc8 31. Re1 d5 32. Qe2 h6 33. Qh5 Kh7
34. Re5 Rf8 35. Qe2 Rf7 36. Qd3 Qc8 37. Bxc6 Qxc6 38. Rxd5 a4 39. Rxf5 Qg2+ 40.
Kc1 Qg1+ 41. Kb2 Qg2+ 42. Ka3 Rxf5 43. Qxf5+ Kg7 44. bxa4 Qf3 45. Qe5+ Kf7 46.
f5 h5 47. f6 Kg6 48. a5 h4 49. Qe8+ Kf5 50. Qc8+ Kg5 51. Qg8+ Kf5 52. Qh7+ Ke6
53. Qe7+ Kf5 54. Kb4 Qf4+ 55. c4 Qd2+ 56. Kb5 Qb2+ 57. Kc5 Qa3+ 58. Kc6 Qa4+
59. Kb6 Qb3+ 60. Ka7 Qxc4 61. f7 Qd4+ 62. Kb8 Qf4+ 63. Ka8 1-0

[Event "Moscow Open 2007"]
[Site "Moscow"]
[Date "2007.01.29"]
[Round "3"]
[White "Gunina, Valentina"]
[Black "Aleksandrov, Aleksej"]
[Result "0-1"]
[WhiteElo "2347"]
[BlackElo "2601"]
[PlyCount "66"]
[EventDate "2007.??.??"]

1. d4 d5 2. c4 e6 3. Nf3 Nf6 4. Nc3 Bb4 5. Bg5 O-O 6. a3 Bxc3+ 7. bxc3 Nbd7 8.
e3 c5 9. Bd3 Qa5 10. O-O dxc4 11. Bxc4 Qxc3 12. Rc1 Qxa3 13. dxc5 Qa5 14. Qd4
h6 15. Bh4 Re8 16. Bb3 e5 17. Qd6 Qb4 18. Bc4 b5 19. Ba2 a5 20. Rfd1 a4 21. Qc7
Qa5 22. Qd6 Qb4 23. Bxf6 Nxf6 24. Nxe5 Be6 25. Nc6 Qb2 26. Bxe6 Rxe6 27. Qc7
Ne4 28. Nd8 Qxf2+ 29. Kh1 Rg6 30. Rg1 Qh4 31. Rgd1 Ng3+ 32. Kg1 Ne2+ 33. Kh1
Nxc1 0-1

[Event "Moscow Open 2007"]
[Site "Moscow"]
[Date "2007.01.29"]
[Round "3"]
[White "Rychagov, Andrey"]
[Black "Shkurikhin, Ilia"]
[Result "1-0"]
[WhiteElo "2586"]
[BlackElo "2350"]
[PlyCount "101"]
[EventDate "2007.??.??"]

1. d4 Nf6 2. Nf3 e6 3. c4 c5 4. d5 exd5 5. cxd5 d6 6. Nc3 g6 7. Qa4+ Bd7 8. Qb3
Qc7 9. e4 Bg7 10. Bf4 O-O 11. Nd2 Re8 12. Be2 a6 13. a4 Bg4 14. f3 Nh5 15. Be3
Bc8 16. Nc4 Nd7 17. g4 Nhf6 18. Bf4 Bf8 19. a5 Rb8 20. Na4 Nxe4 21. fxe4 Rxe4
22. Qg3 Ne5 23. Bxe5 dxe5 24. Nc3 Rf4 25. Rf1 Bd6 26. Rxf4 exf4 27. Qf3 f5 28.
gxf5 Bxf5 29. Ne4 Be5 30. d6 Qg7 31. Ng5 Re8 32. Qd5+ Kf8 33. d7 Qxd7 34. Qxc5+
Qe7 35. Qxe7+ Rxe7 36. Nxe5 Rxe5 37. Kf2 h6 38. Nf3 Rc5 39. b4 Rc3 40. Rd1 Ke7
41. h4 Bg4 42. Rd4 g5 43. hxg5 hxg5 44. Nxg5 Bxe2 45. Kxe2 Rc6 46. Rxf4 b6 47.
axb6 Rxb6 48. Nf3 Kd6 49. Rf6+ Kc7 50. Rxb6 Kxb6 51. Nd4 1-0

[Event "Moscow Open 2007"]
[Site "Moscow"]
[Date "2007.01.29"]
[Round "3"]
[White "Fominykh, Maria"]
[Black "Gabrielian, Artur"]
[Result "1/2-1/2"]
[WhiteElo "2316"]
[BlackElo "2521"]
[PlyCount "120"]
[EventDate "2007.??.??"]

1. Nf3 Nf6 2. g3 g6 3. Bg2 Bg7 4. d4 d5 5. O-O O-O 6. c4 dxc4 7. Na3 c3 8. bxc3
c5 9. Qb3 Nc6 10. Rd1 Na5 11. Qa4 Bd7 12. Qc2 Bf5 13. Qa4 Ne4 14. Bb2 Qb6 15.
Nd2 Nxd2 16. Rxd2 cxd4 17. cxd4 Rac8 18. e4 Be6 19. Bf1 Rfd8 20. Qb5 Qxb5 21.
Bxb5 a6 22. Bf1 b5 23. d5 Bd7 24. Bxg7 Kxg7 25. Rc2 b4 26. Nc4 Ba4 27. Rb2 Nxc4
28. Rxb4 Bb5 29. a4 Rc5 30. axb5 axb5 31. Ra7 Kf8 32. Rb7 Nd6 33. Rb6 f5 34. f3
fxe4 35. fxe4 Rc1 36. e5 Ne4 37. R6xb5 Nc5 38. Rf4+ Ke8 39. Kg2 Rd1 40. d6 exd6
41. Rb7 Nd7 42. Bb5 Re1 43. Ra4 Rxe5 44. Raa7 Rxb5 45. Rxb5 Ke7 46. g4 h6 47.
h4 Ke6 48. Kg3 Rc8 49. Rb3 Rc4 50. Re3+ Ne5 51. Kh3 Kf6 52. Ra1 Rf4 53. Rd1 Ke6
54. Rb3 Ra4 55. Rg3 d5 56. Rb3 d4 57. h5 g5 58. Rb6+ Kd5 59. Rb5+ Ke6 60. Rb7
Rc4 1/2-1/2

[Event "Moscow Open 2007"]
[Site "Moscow"]
[Date "2007.01.29"]
[Round "3"]
[White "Iljushin, Alexei"]
[Black "Isaev, Yuri"]
[Result "1-0"]
[WhiteElo "2510"]
[BlackElo "2343"]
[PlyCount "63"]
[EventDate "2007.??.??"]

1. d4 Nf6 2. c4 g6 3. Nc3 d5 4. Bg5 Ne4 5. Bh4 Nxc3 6. bxc3 Bg7 7. e3 c6 8. Nf3
O-O 9. Qb3 dxc4 10. Bxc4 b5 11. Be2 Nd7 12. a4 bxa4 13. Qxa4 c5 14. Qc6 Rb8 15.
O-O cxd4 16. cxd4 Bb7 17. Qa4 Rc8 18. Qb4 Nb6 19. Bxe7 Qd5 20. Ra5 Qe6 21. Bxf8
Bxf8 22. Qb2 Bd6 23. Rfa1 Bb8 24. Ne5 Qe7 25. Qa2 Kg7 26. Bf3 Bxf3 27. Nxf3 h6
28. h4 Qc7 29. Ra6 Qb7 30. Rxb6 Qxb6 31. Qd5 Qb2 32. Rf1 1-0

[Event "Moscow Open 2007"]
[Site "Moscow"]
[Date "2007.01.29"]
[Round "3"]
[White "Velikhanli, Firuza"]
[Black "Naumkin, Igor"]
[Result "1/2-1/2"]
[WhiteElo "2304"]
[BlackElo "2510"]
[PlyCount "100"]
[EventDate "2007.??.??"]

1. e4 e5 2. Nf3 Nc6 3. Bc4 Nf6 4. d3 Bc5 5. O-O d6 6. c3 O-O 7. b4 Bb6 8. a4 a6
9. a5 Ba7 10. Be3 Ne7 11. Bxa7 Rxa7 12. Nbd2 Ng6 13. d4 Qe7 14. dxe5 dxe5 15.
Re1 Nf4 16. Qb3 Bg4 17. g3 Nh3+ 18. Kg2 Raa8 19. Ng1 Nxg1 20. Kxg1 Rad8 21. Ra2
Rd6 22. Nf1 Qd7 23. Ne3 Nxe4 24. Nxg4 Qxg4 25. h3 Qg6 26. Qc2 Ng5 27. Qxg6 Nf3+
28. Kh1 hxg6 29. Re3 e4 30. Rxe4 Nd2 31. Rg4 Rfd8 32. Rf4 R8d7 33. h4 Kf8 34.
Rc2 f5 35. Kg2 Ke7 36. Be2 Kf6 37. Bf3 c6 38. Rc1 Rd3 39. Be2 R3d5 40. Bf3 Re5
41. Rd1 Ree7 42. Rd4 Rxd4 43. cxd4 Nxf3 44. Kxf3 Rd7 45. Kf4 Re7 46. Kf3 Rd7
47. Rd2 Rd5 48. Rd3 Rb5 49. Rb3 Rd5 50. Rd3 Rb5 1/2-1/2

[Event "Moscow Open 2007"]
[Site "Moscow"]
[Date "2007.01.29"]
[Round "3"]
[White "Koshevoy, Sergey"]
[Black "Dobrov, Vladimir"]
[Result "0-1"]
[WhiteElo "2294"]
[BlackElo "2479"]
[PlyCount "60"]
[EventDate "2007.??.??"]

1. d4 Nf6 2. c4 c5 3. d5 b5 4. cxb5 a6 5. b6 g6 6. Nc3 Bg7 7. e4 d6 8. a4 Qxb6
9. a5 Qb4 10. Ra4 Qb7 11. Bc4 O-O 12. Nge2 Nbd7 13. f4 Ne8 14. Qd3 Nc7 15. O-O
Rb8 16. Ra2 Rd8 17. h3 Nf6 18. b3 e6 19. dxe6 Bxe6 20. f5 gxf5 21. exf5 Bc8 22.
Qg3 Kh8 23. Bg5 d5 24. Rd2 Rg8 25. Qh4 Qc6 26. Nf4 dxc4 27. Ng6+ fxg6 28. fxg6
Nb5 29. gxh7 Re8 30. Qh5 Bb7 0-1

[Event "Moscow Open 2007"]
[Site "Moscow"]
[Date "2007.01.29"]
[Round "3"]
[White "Sitnikov, Anton"]
[Black "Kadimova, Ilaha"]
[Result "1-0"]
[WhiteElo "2467"]
[BlackElo "2333"]
[PlyCount "79"]
[EventDate "2007.??.??"]

1. e4 c6 2. d4 d5 3. e5 Bf5 4. Nd2 e6 5. Nb3 Nd7 6. Nf3 Ne7 7. c3 h6 8. Be2 Bh7
9. O-O Nf5 10. Bd3 Bg6 11. a4 Be7 12. a5 a6 13. c4 Nh4 14. Nxh4 Bxd3 15. Qxd3
Bxh4 16. cxd5 cxd5 17. f4 O-O 18. f5 Bg5 19. Qh3 exf5 20. Qxf5 Qe7 21. Bxg5
hxg5 22. Rac1 Rac8 23. Rxc8 Rxc8 24. Nc5 Rc7 25. b4 Nxc5 26. bxc5 Rc6 27. Rb1
Qc7 28. h3 Qe7 29. Kh1 g6 30. Qg4 Kg7 31. Kh2 Kh6 32. Qf3 Qd7 33. Rb6 Kg7 34.
Qg4 Qc7 35. Qxg5 Rxb6 36. axb6 Qd7 37. Qf6+ Kh7 38. c6 bxc6 39. Qd6 Qf5 40. e6
1-0

[Event "Moscow Open 2007"]
[Site "Moscow"]
[Date "2007.01.29"]
[Round "3"]
[White "Shumilina, Alexandra"]
[Black "Shabanov, Yuri"]
[Result "0-1"]
[WhiteElo "2277"]
[BlackElo "2422"]
[PlyCount "96"]
[EventDate "2007.??.??"]

1. e4 e6 2. d3 d5 3. Nd2 Nf6 4. Ngf3 Nc6 5. Be2 Be7 6. O-O O-O 7. c3 a5 8. a4
e5 9. Re1 Re8 10. Qc2 h6 11. h3 Be6 12. exd5 Qxd5 13. d4 exd4 14. Bc4 Qf5 15.
Bd3 Qh5 16. Nxd4 Nxd4 17. cxd4 Bd6 18. Ne4 Nxe4 19. Bxe4 Bd5 20. Bd2 Rxe4 21.
Rxe4 Qg6 22. Rae1 Kh7 23. f3 b6 24. Qd3 Bxe4 25. fxe4 Re8 26. Qf3 f6 27. Bf4
Bb4 28. Re2 Re7 29. Qd3 Rd7 30. Qc4 Rxd4 31. Qxd4 Bc5 32. Qxc5 bxc5 33. Bxc7 c4
34. Kf2 Qg5 35. e5 Qf4+ 36. Kg1 c3 37. bxc3 Qc4 38. Re3 Qxc7 39. e6 Qe7 40. Kf2
Kg8 41. Re4 Kf8 42. Ke3 Qc5+ 43. Kd3 Qd5+ 44. Ke3 Ke7 45. g4 h5 46. Kf4 Qd2+
47. Re3 h4 48. Kf3 Qd1+ 0-1

 Qd1+ 0-1

[Event "Moscow Open 2007"]
[Site "Moscow"]
[Date "2007.01.29"]
[Round "3"]
[White "Shimanov, Aleksandr"]
[Black "Konenkin, Dmitry"]
[Result "1-0"]
[WhiteElo "2419"]
[BlackElo "2319"]
[PlyCount "63"]
[EventDate "2007.??.??"]

1. d4 d6 2. c4 e5 3. Nc3 exd4 4. Qxd4 Nc6 5. Qd2 g6 6. b3 Bg7 7. Bb2 Nf6 8. g3
O-O 9. Bg2 Bd7 10. Nh3 Re8 11. Nf4 Rb8 12. O-O Ne5 13. h3 Bc6 14. Nfd5 Ned7 15.
Qc2 Bxd5 16. cxd5 b5 17. e3 b4 18. Ne2 Rb5 19. Qd3 a6 20. Nd4 Ne5 21. Qd2 Rxd5
22. f4 Rc5 23. fxe5 dxe5 24. Qxb4 Bf8 25. Qa4 exd4 26. Rxf6 Rc2 27. Bxd4 c5 28.
Rc6 Rxg2+ 29. Kxg2 Qd5+ 30. Kh2 Re4 31. Rc8 cxd4 32. Qb4 1-0

[Event "Moscow Open 2007"]
[Site "Moscow"]
[Date "2007.01.29"]
[Round "3"]
[White "Papin, Vasily"]
[Black "Stukopin, Andrey"]
[Result "1-0"]
[WhiteElo "2416"]
[BlackElo "2307"]
[PlyCount "67"]
[EventDate "2007.??.??"]

1. e4 c5 2. Nf3 d6 3. d4 cxd4 4. Nxd4 Nf6 5. Nc3 Nc6 6. Bg5 e6 7. Qd2 Be7 8.
O-O-O O-O 9. Nb3 Qb6 10. f3 Rd8 11. Be3 Qc7 12. Qf2 Nd7 13. Nb5 Qb8 14. h4 a6
15. N5d4 Qc7 16. g4 Nce5 17. g5 b5 18. h5 Nf8 19. Kb1 Nc4 20. Bc1 Bb7 21. g6
hxg6 22. hxg6 Nxg6 23. Qh2 Nh4 24. Qg3 e5 25. Bg5 Bxg5 26. Qxg5 Nxf3 27. Qh5
Kf8 28. Nf5 Ke8 29. Nxg7+ Ke7 30. Qxf3 Rac8 31. Nf5+ Kd7 32. Bxc4 Qxc4 33. Nxd6
Qxc2+ 34. Ka1 1-0

[Event "Moscow Open 2007"]
[Site "Moscow"]
[Date "2007.01.29"]
[Round "3"]
[White "Shamugia, Shavleg"]
[Black "Kozlov, Vladimir N"]
[Result "0-1"]
[WhiteElo "2277"]
[BlackElo "2413"]
[PlyCount "78"]
[EventDate "2007.??.??"]

1. e4 c5 2. Na3 e6 3. f4 Nf6 4. Bd3 Nc6 5. c3 d5 6. e5 Nd7 7. Nf3 Be7 8. O-O
O-O 9. Bb1 f5 10. d4 a5 11. Kh1 a4 12. Nc2 b5 13. Ne3 b4 14. g4 Nb6 15. gxf5
exf5 16. Bd3 g6 17. Rg1 a3 18. Qc2 Kh8 19. b3 bxc3 20. Qxc3 Bb7 21. Nc2 cxd4
22. Nfxd4 Rc8 23. Qe1 Nxd4 24. Nxd4 Bc5 25. Be3 Nc4 26. Rd1 Nxe3 27. Qxe3 Bxd4
28. Qxd4 Rc4 29. Qa7 Qc7 30. Rgf1 d4+ 31. Kg1 Qc6 32. Qxb7 Qxb7 33. bxc4 Qe7
34. Rc1 g5 35. c5 gxf4 36. c6 Qxe5 37. Bc4 Qe3+ 38. Kh1 Qe4+ 39. Kg1 Qxc6 0-1

[Event "Moscow Open 2007"]
[Site "Moscow"]
[Date "2007.01.29"]
[Round "3"]
[White "Obodchuk, Andrei"]
[Black "Egorov, Dmitry"]
[Result "1/2-1/2"]
[WhiteElo "2410"]
[BlackElo "2305"]
[PlyCount "115"]
[EventDate "2007.??.??"]

1. d4 Nf6 2. c4 c5 3. d5 b5 4. cxb5 d6 5. Nc3 g6 6. e4 Bg7 7. Nf3 O-O 8. Be2 a6
9. bxa6 Bxa6 10. O-O Bxe2 11. Qxe2 Na6 12. Rb1 Nd7 13. Bd2 Qc7 14. Nb5 Qb8 15.
Bc3 Nf6 16. Nd2 Nc7 17. Nxc7 Qxc7 18. a3 Rfb8 19. Nc4 Nd7 20. Bxg7 Kxg7 21. b3
Nb6 22. Ne3 f6 23. a4 Nd7 24. f4 Rb4 25. Nc2 Rb7 26. Na3 Rb4 27. Nb5 Qb6 28.
Kh1 c4 29. bxc4 Raxa4 30. Rxb4 Rxb4 31. Qd3 Qc5 32. Nd4 Qxc4 33. Ne6+ Kf7 34.
Qxc4 Rxc4 35. Re1 Nc5 36. Nxc5 Rxc5 37. Kg1 Rc4 38. Kf2 f5 39. Kf3 Rd4 40. exf5
gxf5 41. Re6 Rd3+ 42. Kf2 Rxd5 43. Rh6 Kg7 44. Re6 Kf8 45. Rh6 Rd2+ 46. Kf3 Kg7
47. Re6 Kf7 48. Rh6 e5 49. fxe5 dxe5 50. Rxh7+ Kg6 51. Rh8 Rd3+ 52. Ke2 Ra3 53.
g3 e4 54. Kf2 Kg7 55. Rh3 Kf6 56. Rh8 Ra2+ 57. Ke3 Kg7 58. Rh4 1/2-1/2

[Event "Moscow Open 2007"]
[Site "Moscow"]
[Date "2007.01.29"]
[Round "3"]
[White "Kopylov, Alexander A"]
[Black "Ovod, Evgenija"]
[Result "0-1"]
[WhiteElo "2237"]
[BlackElo "2410"]
[PlyCount "110"]
[EventDate "2007.??.??"]

1. e4 e5 2. Nc3 Nc6 3. g3 Bc5 4. Bg2 d6 5. Na4 Nf6 6. Nxc5 dxc5 7. Ne2 Be6 8.
d3 c4 9. Be3 Ng4 10. d4 Nxe3 11. fxe3 Bg4 12. d5 Ne7 13. h3 Bh5 14. g4 Bg6 15.
Ng3 Nc8 16. h4 h6 17. g5 hxg5 18. h5 Bh7 19. h6 g6 20. Qe2 Nd6 21. Nf1 O-O 22.
Nd2 b5 23. a4 a6 24. b3 c3 25. Nf1 f5 26. Qd3 b4 27. O-O-O g4 28. Nh2 g3 29.
Nf1 Qg5 30. Rh3 f4 31. exf4 exf4 32. Kb1 Qe5 33. Nxg3 fxg3 34. Rxg3 a5 35. Qe3
Rae8 36. Re1 Rf4 37. Qa7 Nf7 38. Qxa5 Rf2 39. Ree3 Qh5 40. Re1 Qh2 41. Qxc7
Rxg2 42. Qc6 Rf8 43. Qf6 Nxh6 44. Qe6+ Nf7 45. Rh3 Qf4 46. Qd7 Ng5 47. Rhh1 Rf6
48. Qd8+ Kg7 49. a5 Nf3 50. Re3 Nd2+ 51. Ka2 Rh2 52. Rhe1 Ra6 53. R1e2 Rxe2 54.
Rxe2 Qd6 55. Rxd2 Qxd8 0-1

[Event "Moscow Open 2007"]
[Site "Moscow"]
[Date "2007.01.29"]
[Round "3"]
[White "Burlov, Vassili"]
[Black "Grigoriadis, Alexandros"]
[Result "1-0"]
[WhiteElo "2410"]
[BlackElo "2304"]
[PlyCount "71"]
[EventDate "2007.??.??"]

1. d4 Nf6 2. c4 g6 3. Nc3 Bg7 4. Nf3 O-O 5. g3 d6 6. Bg2 Nc6 7. O-O a6 8. Re1
Rb8 9. Rb1 Bf5 10. e4 Bg4 11. Be3 Re8 12. Qd2 Bxf3 13. Bxf3 e5 14. d5 Nd4 15.
Bg2 c5 16. b4 Nd7 17. bxc5 dxc5 18. Rb2 Qc7 19. Reb1 Bf8 20. Qd1 Bd6 21. Bh3
Nf8 22. Na4 h5 23. Kh1 Nh7 24. Rb6 Nf6 25. f3 Nd7 26. Bxd7 Qxd7 27. Nc3 h4 28.
g4 h3 29. Qf1 Kg7 30. Qxh3 Rh8 31. Qg2 Rh7 32. Bf2 Qc7 33. Bg3 Nb5 34. Na4 Na3
35. Rc1 Qd7 36. Nb2 1-0

[Event "Moscow Open 2007"]
[Site "Moscow"]
[Date "2007.01.29"]
[Round "3"]
[White "Krylov, Mikhail"]
[Black "Kutuzov, Denis"]
[Result "0-1"]
[WhiteElo "2408"]
[BlackElo "2293"]
[PlyCount "114"]
[EventDate "2007.??.??"]

1. d4 d5 2. c4 c6 3. Nf3 Nf6 4. Nc3 a6 5. c5 Nbd7 6. Bf4 Nh5 7. Qd2 b6 8. e4
dxe4 9. Nxe4 bxc5 10. dxc5 Nxf4 11. Qxf4 Qa5+ 12. Qd2 Qxd2+ 13. Kxd2 Rb8 14.
Nd4 g6 15. Rb1 Bh6+ 16. Kc2 Ne5 17. Be2 O-O 18. Rhd1 a5 19. f3 Bd7 20. g3 Rfc8
21. b3 Rc7 22. Nc3 Bc8 23. Na4 Nd7 24. f4 e5 25. fxe5 Nxe5 26. Kb2 Bh3 27. Bf1
Bg4 28. Re1 Bg7 29. Ka3 Rd8 30. h3 Bc8 31. Rbd1 Rcd7 32. Nb6 Nf3 33. Nxd7 Nxe1
34. Rxe1 Bxd4 35. Nb8 Bxc5+ 36. Ka4 Bb7 37. Na6 Rd2 38. b4 Bxa6 39. Bxa6 Bxb4
40. Re8+ Kg7 41. Bc4 Rd4 42. Kb3 c5 43. a4 Rd2 44. Re7 Rf2 45. g4 Rf3+ 46. Kb2
Rxh3 47. Rxf7+ Kh6 48. Rc7 Kg5 49. Be6 Re3 50. Bc8 h5 51. gxh5 gxh5 52. Rg7+
Kf4 53. Rh7 Re5 54. Kb3 c4+ 55. Kc2 Re2+ 56. Kd1 Rh2 57. Rh8 c3 0-1

[Event "Moscow Open 2007"]
[Site "Moscow"]
[Date "2007.01.29"]
[Round "3"]
[White "Charochkina, Daria"]
[Black "Chernobay, Artem"]
[Result "1/2-1/2"]
[WhiteElo "2235"]
[BlackElo "2408"]
[PlyCount "125"]
[EventDate "2007.??.??"]

1. e4 c5 2. Nf3 Nc6 3. d4 cxd4 4. Nxd4 Nf6 5. Nc3 e5 6. Ndb5 d6 7. Nd5 Nxd5 8.
exd5 Nb8 9. Be3 Be7 10. Qd2 a6 11. Na3 O-O 12. Nc4 Nd7 13. a4 b6 14. Be2 f5 15.
f4 exf4 16. Bxf4 Nc5 17. O-O g5 18. Be3 f4 19. Bxc5 bxc5 20. a5 Bf6 21. c3 Ra7
22. Qd1 Bf5 23. Bd3 Bxd3 24. Qxd3 Re7 25. Nb6 Qe8 26. Qxa6 Re2 27. Qd3 Re3 28.
Qd1 Re2 29. Ra4 Qe3+ 30. Kh1 Re8 31. a6 Re1 32. Qxe1 Qxe1 33. Ra1 Qe2 34. a7
Qxb2 35. Rfe1 Be5 36. Nc4 Qxc3 37. Nxe5 dxe5 38. a8=Q Qxe1+ 39. Rxe1 Rxa8 40.
Kg1 c4 41. Kf2 Ra2+ 42. Kf3 Ra3+ 43. Kg4 Re3 44. Rc1 c3 45. Kf5 Kf7 46. d6 e4
47. Ra1 Rd3 48. Ra7+ Kf8 49. Kxe4 Rxd6 50. Rc7 Rd2 51. Rxc3 Rxg2 52. h4 h6 53.
Rc8+ Kf7 54. hxg5 hxg5 55. Rc6 Rb2 56. Kf5 Rb5+ 57. Kg4 Re5 58. Ra6 Re6 59. Ra5
Rg6 60. Ra7+ Kf6 61. Ra6+ Kg7 62. Ra7+ Kh6 63. Ra5 1/2-1/2

[Event "Moscow Open 2007"]
[Site "Moscow"]
[Date "2007.01.29"]
[Round "3"]
[White "Ayupov, Damir"]
[Black "Kashlinskaya, Alina"]
[Result "0-1"]
[WhiteElo "2403"]
[BlackElo "2228"]
[PlyCount "82"]
[EventDate "2007.??.??"]

1. e4 c5 2. Nf3 Nc6 3. d4 cxd4 4. Nxd4 e5 5. Nb5 d6 6. N1c3 a6 7. Na3 b5 8. Nd5
Nge7 9. c4 Nxd5 10. Qxd5 Bd7 11. Be3 b4 12. Nc2 Be7 13. Qd2 O-O 14. g3 f5 15.
exf5 e4 16. Bg2 Ne5 17. Bxe4 Kh8 18. Qe2 Rc8 19. b3 d5 20. Bxd5 Bxf5 21. Nd4
Nd3+ 22. Kf1 Bh3+ 23. Kg1 Ne5 24. Qh5 Bf5 25. Nxf5 g6 26. Qe2 Rxf5 27. Bd4 Bf6
28. Kg2 Nc6 29. Bxf6+ Qxf6 30. Rad1 Rf8 31. Rd2 Nd4 32. Qe3 Nf3 33. Bxf3 Rxf3
34. Qe1 h5 35. Rf1 h4 36. Qe4 hxg3 37. hxg3 Rxg3+ 38. Kxg3 Qg5+ 39. Kh3 Qxd2
40. Qxg6 Qc3+ 41. Qg3 Rf3 0-1

[Event "Moscow Open 2007"]
[Site "Moscow"]
[Date "2007.01.29"]
[Round "3"]
[White "Skurikhin, Dmitrij"]
[Black "Yuzhakov, Oleg"]
[Result "0-1"]
[WhiteElo "2401"]
[BlackElo "2221"]
[PlyCount "100"]
[EventDate "2007.??.??"]

1. d4 e6 2. c4 d5 3. Nc3 c6 4. e4 dxe4 5. Nxe4 Bb4+ 6. Bd2 Qxd4 7. Bxb4 Qxe4+
8. Be2 Qxg2 9. Qd6 Nd7 10. O-O-O Qg5+ 11. Rd2 Qe5 12. Qd3 Ngf6 13. Nf3 Qf4 14.
Bd6 Qe4 15. Qc3 b6 16. Rg1 Bb7 17. Ne5 Nxe5 18. Bxe5 Nd7 19. Rxd7 Kxd7 20. Rd1+
Ke8 21. Bf3 Qh4 22. Bxg7 Rg8 23. Bf6 Qf4+ 24. Kc2 Qxh2 25. Qd4 Qc7 26. Qh4 Rg6
27. Be4 Rxf6 28. Qxf6 Rd8 29. Rg1 Qe7 30. Qh8+ Kd7 31. Qxh7 Qf6 32. f3 Kc8 33.
Rg8 Rxg8 34. Qxg8+ Kc7 35. Qe8 e5 36. b4 Bc8 37. Kc3 Qe6 38. Qf8 f5 39. Bc2 Kb7
40. Qh8 Qe7 41. Qh1 Be6 42. Qe1 Qf6 43. Kb3 b5 44. Ka3 bxc4 45. Qa1 Qg7 46. Qc3
Qc7 47. Qe3 Qd6 48. Qc5 Qxc5 49. bxc5 f4 50. Kb4 Bd5 0-1

[Event "Moscow Open 2007"]
[Site "Moscow"]
[Date "2007.01.29"]
[Round "3"]
[White "Ivakhinova, Inna"]
[Black "Polivanov, Anatoliy"]
[Result "0-1"]
[WhiteElo "2216"]
[BlackElo "2400"]
[PlyCount "56"]
[EventDate "2007.??.??"]

1. e4 e6 2. d4 d5 3. Nc3 Bb4 4. e5 Ne7 5. a3 Bxc3+ 6. bxc3 c5 7. Qg4 O-O 8. Bd3
f5 9. exf6 Rxf6 10. Bg5 Nd7 11. Qh4 h6 12. Bxf6 Nxf6 13. dxc5 e5 14. f3 e4 15.
fxe4 dxe4 16. Bc4+ Kh8 17. Ne2 Qa5 18. Bb3 Qxc5 19. Qf2 e3 20. Qf4 Bg4 21. h3
Bxe2 22. Kxe2 Ned5 23. Qc4 Nxc3+ 24. Kf3 Qf5+ 25. Qf4 Qd7 26. Qxe3 Rf8 27. Qc5
Qe8 28. Qc4 Nfd5+ 0-1

[Event "Moscow Open 2007"]
[Site "Moscow"]
[Date "2007.01.29"]
[Round "3"]
[White "Ostertag, Galina"]
[Black "Sjugirov, Sanan"]
[Result "1/2-1/2"]
[WhiteElo "2210"]
[BlackElo "2396"]
[PlyCount "118"]
[EventDate "2007.??.??"]

1. e4 c5 2. Nc3 d6 3. g3 g6 4. Bg2 Bg7 5. d3 Nc6 6. Be3 e5 7. Qd2 Nge7 8. Bh6
Bxh6 9. Qxh6 Nd4 10. Qd2 Be6 11. Nce2 O-O 12. c3 Nxe2 13. Nxe2 d5 14. O-O Nc6
15. Rad1 dxe4 16. Bxe4 Qd6 17. f4 f5 18. fxe5 Nxe5 19. Bxb7 Rad8 20. Nf4 Bxa2
21. b4 Bb3 22. Rb1 Qb6 23. Rxb3 c4+ 24. d4 Qxb7 25. Rb2 Nf3+ 26. Rxf3 Qxf3 27.
Ne6 f4 28. Nxf8 Rxf8 29. Qe1 fxg3 30. hxg3 h5 31. Ra2 Rf7 32. Ra6 Kh7 33. Re6
Rg7 34. Re3 Qf6 35. Qf2 Qd6 36. Re5 Qd7 37. Qe2 Rf7 38. Re3 Qc7 39. Re5 Qd7 40.
Kg2 Qc6+ 41. Qe4 Qf6 42. Qe2 h4 43. Re3 Qg5 44. Kh2 Kg8 45. gxh4 Qxh4+ 46. Kg2
Qg5+ 47. Rg3 Qd5+ 48. Kh2 Kf8 49. Rxg6 Qf5 50. Rg2 Qf4+ 51. Rg3 Qh4+ 52. Kg2
Qf4 53. d5 Qf5 54. Kg1 Qb1+ 55. Kh2 Qf5 56. d6 Qd5 57. Rg6 Qf5 58. Rg4 Qd5 59.
Rg6 Qf5 1/2-1/2

5 1/2-1/2

[Event "Moscow Open 2007"]
[Site "Moscow"]
[Date "2007.01.29"]
[Round "3"]
[White "Morev, Ivan"]
[Black "Reshetnikov, Alexey"]
[Result "1/2-1/2"]
[WhiteElo "2178"]
[BlackElo "2388"]
[PlyCount "60"]
[EventDate "2007.??.??"]

1. e4 c5 2. Nf3 e6 3. d4 cxd4 4. Nxd4 Nc6 5. Be3 Nf6 6. Nd2 d6 7. Be2 Be7 8.
O-O O-O 9. Kh1 Bd7 10. c4 Nxd4 11. Bxd4 Bc6 12. Bd3 a5 13. f3 Nd7 14. Qe2 Bf6
15. Qe3 Bxd4 16. Qxd4 e5 17. Qxd6 Qb6 18. Qa3 Rfd8 19. Rad1 Nc5 20. Bc2 Qb4 21.
Qxb4 axb4 22. Nb3 Na4 23. Rxd8+ Rxd8 24. Rb1 f6 25. Kg1 Be8 26. h3 Bf7 27. Na1
Nc5 28. b3 Ra8 29. Rb2 Rd8 30. Rb1 Ra8 1/2-1/2